Statistics for Flags with Writing

Click here to take the quiz!

General Stats

  • This quiz has been taken 52 times
    (32 since last reset)
  • The average score is 8 of 15

Answer Stats

Countries% Correct
Saudi Arabia
96%
Iraq
79%
Brazil
75%
Belize
57%
Guatemala
54%
Nicaragua
54%
Haiti
50%
Iran
50%
Afghanistan
43%
Equatorial Guinea
43%
Paraguay
36%
San Marino
36%
Dominican Republic
29%
Egypt
29%
Malta
21%

Score Distribution

Percentile by Number Answered

Percent of People with Each Score

Your Score History

You have not taken this quiz since the last reset